000 00497nam a2200145Ia 4500
008 100204s9999 xx 000 0 und d
082 _b16
100 _aकवठेकर दत्त रघनाथ
245 _aआभाळाची सावली
260 _b"कुलकर्णी गं्रथागार , पुणे"
_c"1967,4"
300 _a396
630 _aआभाळाची सावली
730 _aआभाळाची सावली
942 _cBOOK
999 _c445213
_d445210